|
|
|
|
| LEADER |
00000nam a2200000 a 4500 |
| 001 |
vtls010539576 |
| 003 |
SK-MaSNL |
| 005 |
20260302012953.0 |
| 008 |
180810s1840 xo 000 0 hun |
| 040 |
|
|
|a SNK
|b slo
|c SNK
|e AACR2
|
| 041 |
0 |
|
|a hun
|
| 044 |
|
|
|a xo
|c SK
|
| 080 |
|
|
|a 328
|2 2001
|
| 080 |
|
|
|a (439.2)
|2 2001
|
| 130 |
0 |
|
|a Törvényczikkelyek
|9 655652
|
| 245 |
1 |
0 |
|a Törvényczikkelyek
|b 1840dik évi országgyülésen alkotott
|
| 260 |
|
|
|a Pozsony
|b Schmid Antal tulajdona
|c [1840]
|
| 300 |
|
|
|a [8], 199 s.
|c 8°
|c 21 x 14 cm
|
| 648 |
|
7 |
|a 19. stor.
|2 SNKPH
|9 278793
|
| 650 |
0 |
7 |
|a štátne právo
|2 SNKPH
|9 74559
|
| 650 |
0 |
7 |
|a legislatíva
|2 SNKPH
|9 121217
|
| 651 |
|
7 |
|a Uhorsko
|2 SNKPHgeo
|9 28673
|
| 655 |
|
7 |
|a staré tlače
|2 SNKPH
|9 69193
|
| 700 |
0 |
|
|a Ferdinand
|b I.,
|c rakúsky cisár,
|d 1793-1875
|4 aft
|9 85903
|
| 700 |
1 |
|
|a Majlát, Anton
|4 aft
|9 644309
|
| 700 |
1 |
|
|a Bartal, György,
|d 1785-1865
|4 aft
|9 60401
|
| 710 |
1 |
2 |
|a Šmid, Anton (Bratislava, Slovensko),
|d 1833-1838
|4 prt
|9 167067
|
| 752 |
|
|
|a Slovensko
|d Bratislava
|
| 958 |
|
|
|a ONDV
|
| 999 |
|
|
|c 1011291
|d 1013221
|
| 952 |
|
|
|a SNK
|b SNK
|y VYP
|7 0
|p 17A1023722
|o snkSC 25949 D1
|i snkV 3569/72
|8 2
|3 Rekatalogizácia
|0 0
|1 0
|4 0
|d 2013-09-02
|l 0
|r 2026-02-24 12:52:32
|w 2026-02-24
|